01014cam a2200289 a 450000100090000000300040000900500170001300800410003001000170007102000180008804000180010604200150012404300120013905000220015124500320017324600230020525000130022826000710024130000640031250001320037650400510050852600190055956200560057865000260063465100300066071000340069016551747OSt20140310182746.0101124s2010 ph ab b 001 0 eng  a 2010338972 a9719780328765 aDLCcDLCdDLC alcodeapcc aa-ph---00aDS 655b.N49 201004aThe new Philippine almanac.30aPhilippine almanac aRev. ed. aAngeles City, Philippines :bChildren's Press Publication,c[2010] axii, 483 p. :bill. (some col.), maps (some col.) ;c28 cm. a"Features the most comprehensive and updated compilation of historical and current events in the Philippines"--P. [4] of cover. aIncludes bibliographical references and index. c1210L to 1700L eFor Circulation. 1 Copy Available in the Collection 0aAlmanacs, Philippine. 0aPhilippinesvMiscellanea.2 aChildren's Press Publication.